000 00936nam a22003377a 4500
001 BR0405865
003 BR-BrBNA
005 20230928101801.0
007 ta
008 230509b bl.||||| |||| 00| 0 por d
040 _aBR-BrBNA
_bpor
_cBiblioteca Nacional de Agricultura
041 _a(Eng, Spa, Por)
072 _aL01; Q04; B50
_b5213
090 _ 5213 BR0405865
100 1 _aSantos, R. dos
245 1 _aO nelore do Mato Grosso e Mato Grosso do Sul
260 3 _aUberaba, MG (Brasil):
_bEditora Agropecuária Tropical Ltda,
_c2004.
300 _a408 p.
500 _aBibliography p. 407-408; 46 tables; 249 illus.
650 _aGADO NELORE
650 _aGADO ZEBU
650 _aMANEJO
650 _aPRODUÇÃO DE CARNE
650 _aHISTÓRIA
650 _aQUALIDADE
650 _aMERCADO
650 _aMATO GROSSO
650 _aMATO GROSSO DO SUL
909 _a202309
_bLucia
_c55
_dLucia Elande
942 _cBK
999 _c67566
_d67566